[Event "GER CupT final"]
[Site "Baden Baden"]
[Date "2024.06.15"]
[Round "1.1"]
[White "Adams, Michael"]
[Black "Schaefer, Markus"]
[Result "1-0"]
[WhiteElo "2670"]
[BlackElo "2345"]
[PlyCount "79"]
[EventDate "2024.06.15"]
[EventType "team-k.o."]
[EventRounds "2"]
[EventCountry "GER"]
[SourceTitle "CBM 220 Extra"]
[Source "ChessBase"]
[SourceDate "2024.07.31"]
[SourceVersion "1"]
[SourceVersionDate "2024.07.31"]
[SourceQuality "1"]
[WhiteTeam "Baden-Baden"]
[BlackTeam "Solingen"]
[WhiteTeamCountry "GER"]
[BlackTeamCountry "GER"]

1. e4 e6 2. d4 d5 3. e5 c5 4. c3 Nc6 5. Nf3 Nge7 6. Na3 cxd4 7. cxd4 Nf5 8. Nc2 Bd7 9. Bd2 Qb6 10. Bc3 a5 11. Be2 Nb4 12. a3 Nxc2+ 13. Qxc2 a4 14. Qd3 Qa6 15. h4 Qxd3 16. Bxd3 h6 17. h5 Ne7 18. Rh3 Nc6 19. Rg3 Na7 20. Rc1 Rc8 21. Bd2 Rxc1+ 22. Bxc1 b5 23. Bd2 Nc8 24. Ba5 Rg8 25. Ng1 Na7 26. Bd2 Rh8 27. Ne2 Kd8 28. Kd1 Kc7 29. Nc3 Kb6 30. f4 Nc8 31. f5 Ne7 32. fxe6 fxe6 33. Ne2 Be8 34. Nf4 Bf7 35. Bg6 Bxg6 36. Nxg6 Rg8 37. Nxe7 Bxe7 38. Rg6 Kc6 39. Rxe6+ Kd7 40. Rg6 1-0

[Event "BL2-West 2223"]
[Site "Germany"]
[Date "2023.03.19"]
[Round "10.6"]
[White "Schaefer, Markus"]
[Black "Schlamp, Robert"]
[Result "1-0"]
[WhiteElo "2358"]
[BlackElo "2288"]
[PlyCount "51"]
[EventDate "2022.10.22"]
[EventType "team-tourn"]
[EventRounds "10"]
[EventCountry "GER"]
[SourceTitle "EXT 2024"]
[Source "ChessBase"]
[SourceDate "2023.10.10"]
[SourceVersion "1"]
[SourceVersionDate "2023.10.10"]
[SourceQuality "1"]
[WhiteTeam "Solingen II"]
[BlackTeam "Oberursel"]
[WhiteTeamCountry "GER"]
[BlackTeamCountry "GER"]

1. e4 e5 2. Nf3 Nc6 3. Bb5 a6 4. Ba4 Nf6 5. 0-0 Nxe4 6. d4 b5 7. Bb3 d5 8. dxe5 Be6 9. c3 Bc5 10. Qe2 0-0 11. Be3 Be7 12. Rd1 Nc5 13. Bc2 Qd7 14. Nbd2 Bf5 15. Nb3 Bxc2 16. Qxc2 Nxb3 17. axb3 f6 18. c4 Nb4 19. Qc3 c6 20. exf6 Rxf6 21. Bd4 Rf5 22. Bxg7 c5 23. cxb5 d4 24. Bxd4 cxd4 25. Rxd4 Rd5 26. Ne5 1-0

[Event "BL2-West 2223"]
[Site "Germany"]
[Date "2023.02.05"]
[Round "6.5"]
[White "Schaefer, Markus"]
[Black "Stillger, Bernhard"]
[Result "1/2-1/2"]
[WhiteElo "2358"]
[BlackElo "2279"]
[PlyCount "35"]
[EventDate "2022.10.22"]
[EventType "team-tourn"]
[EventRounds "10"]
[EventCountry "GER"]
[SourceTitle "EXT 2024"]
[Source "ChessBase"]
[SourceDate "2023.10.10"]
[SourceVersion "1"]
[SourceVersionDate "2023.10.10"]
[SourceQuality "1"]
[WhiteTeam "Solingen II"]
[BlackTeam "Muelheim Nord II"]
[WhiteTeamCountry "GER"]
[BlackTeamCountry "GER"]

1. e4 e5 2. Nf3 Nf6 3. Nxe5 d6 4. Nf3 Nxe4 5. c4 Nc6 6. d3 Nf6 7. d4 Be7 8. h3 0-0 9. Nc3 Re8 10. Be2 d5 11. 0-0 h6 12. Be3 Be6 13. b3 Bf8 14. c5 Ne4 15. Qc1 a6 16. Rd1 f5 17. Nxe4 fxe4 18. Nh2 1/2-1/2

[Event "BL2-West 2122"]
[Site "Germany"]
[Date "2022.05.15"]
[Round "6.4"]
[White "Wolter, Kai"]
[Black "Schaefer, Markus"]
[Result "1/2-1/2"]
[WhiteElo "2280"]
[BlackElo "2373"]
[PlyCount "24"]
[EventDate "2022.03.05"]
[EventType "team-tourn"]
[EventRounds "10"]
[EventCountry "GER"]
[SourceTitle "EXT 2023"]
[Source "ChessBase"]
[SourceDate "2022.10.05"]
[SourceVersion "1"]
[SourceVersionDate "2022.10.05"]
[SourceQuality "1"]
[WhiteTeam "Muenster"]
[BlackTeam "Solingen II"]
[WhiteTeamCountry "GER"]
[BlackTeamCountry "GER"]

1. e4 e6 2. d4 d5 3. exd5 exd5 4. Nf3 Nf6 5. Bd3 Be7 6. 0-0 Bg4 7. Re1 0-0 8. c3 c5 9. dxc5 Bxc5 10. Be3 Bxe3 11. Rxe3 Nc6 12. Nbd2 d4 1/2-1/2

[Event "BL2-West 2122"]
[Site "Germany"]
[Date "2022.05.14"]
[Round "5.4"]
[White "Schaefer, Markus"]
[Black "Tkachuk, Sergij"]
[Result "1/2-1/2"]
[WhiteElo "2373"]
[BlackElo "2243"]
[PlyCount "51"]
[EventDate "2022.03.05"]
[EventType "team-tourn"]
[EventRounds "10"]
[EventCountry "GER"]
[SourceTitle "EXT 2023"]
[Source "ChessBase"]
[SourceDate "2022.10.05"]
[SourceVersion "1"]
[SourceVersionDate "2022.10.05"]
[SourceQuality "1"]
[WhiteTeam "Solingen II"]
[BlackTeam "Bochum"]
[WhiteTeamCountry "GER"]
[BlackTeamCountry "GER"]

1. e4 c5 2. Nf3 d6 3. g3 Nf6 4. Nc3 Nc6 5. Bg2 g6 6. 0-0 Bg7 7. d3 0-0 8. h3 Rb8 9. a4 a6 10. Be3 e5 11. Qd2 b5 12. axb5 axb5 13. Ne2 Bb7 14. Bh6 d5 15. Bxg7 Kxg7 16. exd5 Nxd5 17. Nc3 Nxc3 18. bxc3 Re8 19. Qe3 Qe7 20. Nd2 b4 21. Nb3 bxc3 22. Qxc5 Nd4 23. Qxe7 Rxe7 24. Nxd4 Bxg2 25. Nf5+ gxf5 26. Kxg2 1/2-1/2

[Event "BL2-West 2122"]
[Site "Germany"]
[Date "2022.05.01"]
[Round "4.5"]
[White "Jaracz, Pawel"]
[Black "Schaefer, Markus"]
[Result "1-0"]
[WhiteElo "2465"]
[BlackElo "2373"]
[PlyCount "59"]
[EventDate "2022.03.05"]
[EventType "team-tourn"]
[EventRounds "10"]
[EventCountry "GER"]
[SourceTitle "EXT 2023"]
[Source "ChessBase"]
[SourceDate "2022.10.05"]
[SourceVersion "1"]
[SourceVersionDate "2022.10.05"]
[SourceQuality "1"]
[WhiteTeam "Remagen Sinzig"]
[BlackTeam "Solingen II"]
[WhiteTeamCountry "GER"]
[BlackTeamCountry "GER"]

1. e4 e6 2. d4 d5 3. Nd2 Be7 4. Bb5+ c6 5. Ba4 dxe4 6. Nxe4 Nf6 7. Nxf6+ Bxf6 8. Nf3 Qc7 9. 0-0 0-0 10. c3 Nd7 11. Bc2 Re8 12. Ng5 Nf8 13. Re1 b6 14. Qh5 Bxg5 15. Bxg5 g6 16. Qh6 f5 17. Re3 Qf7 18. Rae1 Bd7 19. Bb3 Rac8 20. Qh4 c5 21. dxc5 bxc5 22. Bh6 Qe7 23. Qf4 Qf6 24. h4 Kh8 25. Bc4 Bc6 26. Bxf8 Qxf8 27. Rxe6 Rxe6 28. Rxe6 Be4 29. Qe5+ Qg7 30. Re8+ 1-0

[Event "BL2-West 2122"]
[Site "Germany"]
[Date "2022.04.30"]
[Round "3.5"]
[White "Schaefer, Markus"]
[Black "Malykin, Vitaly"]
[Result "1/2-1/2"]
[WhiteElo "2373"]
[BlackElo "2337"]
[PlyCount "52"]
[EventDate "2022.03.05"]
[EventType "team-tourn"]
[EventRounds "10"]
[EventCountry "GER"]
[SourceTitle "EXT 2023"]
[Source "ChessBase"]
[SourceDate "2022.10.05"]
[SourceVersion "1"]
[SourceVersionDate "2022.10.05"]
[SourceQuality "1"]
[WhiteTeam "Solingen II"]
[BlackTeam "Koeln Porz"]
[WhiteTeamCountry "GER"]
[BlackTeamCountry "GER"]

1. e4 g6 2. d4 Bg7 3. Nf3 d6 4. Bc4 e6 5. 0-0 Ne7 6. Nbd2 0-0 7. c3 Nd7 8. Re1 c5 9. Bf1 Nc6 10. dxc5 Nxc5 11. Nb3 b6 12. Nbd4 Ne5 13. Bg5 Nxf3+ 14. Nxf3 f6 15. Bh4 Bb7 16. Nd4 e5 17. Nb5 Nxe4 18. f3 a6 19. fxe4 axb5 20. Bxb5 Qc7 21. Qd3 f5 22. Qc4+ Qxc4 23. Bxc4+ Kh8 24. Rad1 Bxe4 25. Rxd6 b5 26. Bb3 Rfc8 1/2-1/2

[Event "NRW Cup Final"]
[Site "Germany"]
[Date "2019.07.07"]
[Round "2.2"]
[White "Schaefer, Markus"]
[Black "Ris, Robert"]
[Result "1/2-1/2"]
[WhiteElo "2381"]
[BlackElo "2452"]
[PlyCount "52"]
[EventDate "2019.07.06"]
[EventType "team-k.o."]
[EventRounds "2"]
[EventCountry "GER"]
[SourceTitle "EXT 2023"]
[Source "ChessBase"]
[SourceDate "2022.10.05"]
[SourceVersion "1"]
[SourceVersionDate "2022.10.05"]
[SourceQuality "1"]
[WhiteTeam "Sodingen/Castrop SK"]
[BlackTeam "Erkenschwick"]
[WhiteTeamCountry "GER"]
[BlackTeamCountry "GER"]

1. e4 c5 2. Nf3 Nc6 3. d4 cxd4 4. Nxd4 Nf6 5. Nc3 e5 6. Ndb5 d6 7. Bg5 a6 8. Na3 b5 9. Nd5 Be7 10. Nxe7 Nxe7 11. Bd3 Bb7 12. Qe2 Nd7 13. Rd1 Nc5 14. 0-0 0-0 15. c3 Qc7 16. Bb1 Rfd8 17. f3 Rd7 18. Nc2 f6 19. Bc1 d5 20. exd5 Nxd5 21. c4 bxc4 22. Qxc4 Ne6 23. Qh4 Qb6+ 24. Qf2 Qxf2+ 25. Kxf2 Rad8 26. Ne3 Kf7 1/2-1/2

[Event "BL2-West 1718"]
[Site "Germany"]
[Date "2018.02.25"]
[Round "7.2"]
[White "Schaefer, Markus"]
[Black "Dambacher, Martijn"]
[Result "0-1"]
[WhiteElo "2401"]
[BlackElo "2476"]
[PlyCount "106"]
[EventDate "2017.10.08"]
[EventType "team-tourn"]
[EventRounds "9"]
[EventCountry "GER"]
[SourceTitle "CBM 183 Extra"]
[Source "ChessBase"]
[SourceDate "2018.04.19"]
[SourceVersion "1"]
[SourceVersionDate "2018.04.19"]
[SourceQuality "1"]
[WhiteTeam "Solingen"]
[BlackTeam "Aachen DJK"]
[WhiteTeamCountry "GER"]
[BlackTeamCountry "GER"]

1. e4 c5 2. Nf3 d6 3. d4 cxd4 4. Nxd4 Nf6 5. Nc3 a6 6. Bg5 e6 7. Qf3 Be7 8. Be2 Qc7 9. 0-0 Nbd7 10. Qg3 b5 11. a3 Bb7 12. Bd3 0-0 13. Kh1 Nh5 14. Qh4 Bxg5 15. Qxg5 Qc5 16. Qe3 Nhf6 17. Be2 Rac8 18. f3 Ne5 19. Qd2 Rfd8 20. Rad1 Nc4 21. Bxc4 Qxc4 22. Nce2 Qc7 23. Qe3 Qb6 24. c3 e5 25. Nf5 Qxe3 26. Nxe3 d5 27. exd5 Nxd5 28. Nxd5 Bxd5 29. Nc1 Bc4 30. Rfe1 f5 31. Kg1 Kf7 32. Kf2 Kf6 33. Rxd8 Rxd8 34. b3 Bf7 35. Ke2 f4 36. Rd1 Rxd1 37. Kxd1 Kf5 38. Kd2 g5 39. Nd3 Bxb3 40. Nc5 Bd5 41. Nxa6 g4 42. Nc7 gxf3 43. gxf3 Bxf3 44. Nxb5 Bc6 45. c4 Kg4 46. Na7 Bb7 47. c5 e4 48. Nb5 Kf3 49. Ke1 Kg2 50. Nc3 e3 51. Nd1 Kxh2 52. Nb2 f3 53. Nd1 f2+ 0-1

[Event "BL2-West 1617"]
[Site "Germany"]
[Date "2017.04.23"]
[Round "8.4"]
[White "Schaefer, Markus"]
[Black "Stark, Lars"]
[Result "1-0"]
[WhiteElo "2399"]
[BlackElo "2401"]
[PlyCount "147"]
[EventDate "2016.10.16"]
[EventType "team-tourn"]
[EventRounds "9"]
[EventCountry "GER"]
[SourceTitle "EXT 2018"]
[Source "ChessBase"]
[SourceDate "2017.10.13"]
[SourceVersion "1"]
[SourceVersionDate "2017.10.13"]
[SourceQuality "1"]
[WhiteTeam "Solingen II"]
[BlackTeam "Duesseldorf"]
[WhiteTeamCountry "GER"]
[BlackTeamCountry "GER"]

1. e4 d5 2. exd5 Qxd5 3. Nf3 Nf6 4. d4 Bf5 5. Be2 e6 6. 0-0 c6 7. c4 Qd8 8. Nc3 h6 9. Bf4 Be7 10. Qb3 Qc8 11. d5 0-0 12. Nd4 exd5 13. cxd5 cxd5 14. Nxd5 Nxd5 15. Qxd5 Bd7 16. Qe4 Bg5 17. Bd3 g6 18. Bxg5 hxg5 19. Qd5 Nc6 20. Nxc6 Bxc6 21. Qxg5 Qd8 22. Qxd8 Rfxd8 23. Rad1 Rd4 24. Be2 Rb4 25. Rd2 Re8 26. f3 Kg7 27. Rc1 Re7 28. Rc3 a5 29. b3 a4 30. Rc4 Rxc4 31. Bxc4 Re1+ 32. Kf2 Rb1 33. Ke3 g5 34. Kd4 axb3 35. Bxb3 Rh1 36. h3 Kg6 37. Ke3 f6 38. Rd1 Rxd1 39. Bxd1 Kf5 40. g3 Bd5 41. Bc2+ Ke5 42. Bb3 Bc6 43. f4+ Kd6 44. Kd4 b6 45. fxg5 fxg5 46. h4 gxh4 47. gxh4 Bf3 48. Ke3 Bh5 49. Kf4 Ke7 50. Kg5 Be2 51. Bc2 Bc4 52. a3 Kf7 53. h5 Kg7 54. Bg6 Bb5 55. Kf5 Kh6 56. Ke5 Ba4 57. Kd6 Kg7 58. Kc7 Bd1 59. Kxb6 Kf6 60. Be8 Ke7 61. h6 Kf6 62. h7 Kg7 63. Bg6 Kh8 64. Kb5 Kg7 65. Kb4 Kh8 66. Kc3 Ba4 67. Bc2 Bd7 68. Kb4 Kg7 69. Bd3 Bc6 70. Bb5 Be4 71. a4 Kxh7 72. Kc5 Kg7 73. a5 Kf6 74. a6 1-0

[Event "GER CupT prel"]
[Site "Germany"]
[Date "2017.03.11"]
[Round "1.1"]
[White "Ponkratov, Pavel"]
[Black "Schaefer, Markus"]
[Result "1-0"]
[WhiteElo "2595"]
[BlackElo "2399"]
[PlyCount "77"]
[EventDate "2017.03.11"]
[EventType "team-k.o."]
[EventRounds "2"]
[EventCountry "GER"]
[SourceTitle "CBM 177 Extra"]
[Source "ChessBase"]
[SourceDate "2017.04.27"]
[SourceVersion "1"]
[SourceVersionDate "2017.04.27"]
[SourceQuality "1"]
[WhiteTeam "Emstal/Wolfhagen"]
[BlackTeam "Solingen"]
[WhiteTeamCountry "GER"]
[BlackTeamCountry "GER"]

1. Nf3 Nf6 2. g3 g6 3. Bg2 Bg7 4. 0-0 0-0 5. d4 d6 6. Nc3 d5 7. Ne5 c6 8. Re1 Bf5 9. h3 Ne4 10. g4 Nxc3 11. bxc3 Bc8 12. e4 dxe4 13. Rxe4 Nd7 14. Nd3 Nf6 15. Re2 Nd5 16. Bd2 b5 17. a4 e6 18. Qb1 a6 19. Qb3 Rb8 20. Rd1 Qb6 21. a5 Qa7 22. Ne5 Bd7 23. c4 bxc4 24. Qxc4 Rfc8 25. Nxd7 Qxd7 26. Qxa6 Bxd4 27. Qd3 Bg7 28. c4 Nf6 29. Qxd7 Nxd7 30. Be3 Rc7 31. Red2 Nf8 32. a6 Ra8 33. Ra2 Nd7 34. Rxd7 Rxd7 35. Bxc6 Rdd8 36. a7 Be5 37. Bb6 Rf8 38. Bxa8 Rxa8 39. Rd2 1-0

[Event "BL2-West 1415"]
[Site "Germany"]
[Date "2015.04.12"]
[Round "9.1"]
[White "Schaefer, Markus"]
[Black "Seel, Christian"]
[Result "1-0"]
[WhiteElo "2405"]
[BlackElo "2481"]
[PlyCount "83"]
[EventDate "2014.09.21"]
[EventType "team-tourn"]
[EventRounds "9"]
[EventCountry "GER"]
[SourceTitle "CBM 166 Extra"]
[Source "ChessBase"]
[SourceDate "2015.06.18"]
[SourceVersion "1"]
[SourceVersionDate "2015.06.18"]
[SourceQuality "1"]
[WhiteTeam "Solingen II"]
[BlackTeam "Aachen SV"]
[WhiteTeamCountry "GER"]
[BlackTeamCountry "GER"]

1. e4 e5 2. Nf3 d6 3. d4 exd4 4. Nxd4 Nf6 5. Nc3 Be7 6. Bc4 0-0 7. 0-0 Re8 8. Re1 Bf8 9. Bf4 c6 10. Bf1 Nbd7 11. h3 Ne5 12. Nf3 Qc7 13. a4 a5 14. Nd4 Qb6 15. Nb3 Be6 16. Be3 Qc7 17. Nd4 Bc4 18. Bg5 Bxf1 19. Rxf1 Nfd7 20. Nb3 h6 21. Bf4 Rad8 22. Qe2 Ng6 23. Be3 Nf6 24. Qf3 Ne5 25. Qg3 Ng6 26. Nd2 Nd7 27. Nc4 Kh7 28. Bd4 Be7 29. Rad1 b5 30. axb5 cxb5 31. Ne3 Bh4 32. Qg4 Nde5 33. Qh5 Qb7 34. Ncd5 Be7 35. f4 Nd7 36. Bxg7 Kxg7 37. Nf5+ Kg8 38. Nxh6+ Kf8 39. Nf5 Kg8 40. Ndxe7+ Nxe7 41. Qg5+ Ng6 42. Qh6 1-0

[Event "BL2-West 1415"]
[Site "Germany"]
[Date "2015.02.22"]
[Round "7.1"]
[White "Schaefer, Markus"]
[Black "Danin, Alexandre"]
[Result "0-1"]
[WhiteElo "2405"]
[BlackElo "2572"]
[PlyCount "72"]
[EventDate "2014.09.21"]
[EventType "team-tourn"]
[EventRounds "9"]
[EventCountry "GER"]
[SourceTitle "CBM 166 Extra"]
[Source "ChessBase"]
[SourceDate "2015.06.18"]
[SourceVersion "1"]
[SourceVersionDate "2015.06.18"]
[SourceQuality "1"]
[WhiteTeam "Solingen II"]
[BlackTeam "Bochum SV"]
[WhiteTeamCountry "GER"]
[BlackTeamCountry "GER"]

1. e4 e5 2. Nf3 Nc6 3. Bc4 Bc5 4. c3 Nf6 5. d3 0-0 6. Bb3 d5 7. Qe2 h6 8. h3 a6 9. exd5 Nxd5 10. 0-0 Qd6 11. Re1 Bd7 12. Qe4 Nf6 13. Qh4 Bf5 14. Rd1 Rad8 15. Bc2 Ne7 16. Qg3 Ng6 17. Nh4 Nxh4 18. Qxh4 Nd5 19. Qg3 Rfe8 20. Qf3 Qg6 21. Re1 c6 22. Kh1 Nf6 23. Be3 Bxe3 24. Rxe3 Nd5 25. Re1 Nf4 26. Na3 Bxd3 27. Bb3 Qf6 28. Qe3 Bg6 29. Rad1 Nd3 30. Re2 e4 31. Red2 b5 32. Bc2 Nxb2 33. Rxd8 Rxd8 34. Rxd8+ Qxd8 35. Nb1 Nc4 36. Qc5 e3 0-1

[Event "Bundesliga 1314"]
[Site "Germany"]
[Date "2014.04.05"]
[Round "14.7"]
[White "Feygin, Michael"]
[Black "Schaefer, Markus"]
[Result "1/2-1/2"]
[WhiteElo "2512"]
[BlackElo "2404"]
[PlyCount "42"]
[EventDate "2013.10.12"]
[EventType "team-tourn"]
[EventRounds "15"]
[EventCountry "GER"]
[SourceTitle "CBM 160"]
[Source "ChessBase"]
[SourceDate "2014.05.15"]
[SourceVersion "1"]
[SourceVersionDate "2014.05.15"]
[SourceQuality "1"]
[WhiteTeam "Muelheim"]
[BlackTeam "Solingen"]
[WhiteTeamCountry "GER"]
[BlackTeamCountry "GER"]

1. e4 e6 2. Nc3 d5 3. Nf3 Nf6 4. e5 Nfd7 5. d4 c5 6. dxc5 Nc6 7. Bf4 Nxc5 8. a3 Be7 9. h4 a6 10. h5 f5 11. Nd4 Nxd4 12. Qxd4 0-0 13. Be2 Ne4 14. Nxe4 fxe4 15. Be3 b5 16. Rd1 Bd7 17. c3 Qc7 18. Bg4 Rac8 19. 0-0 Bc5 20. Qxc5 Qxc5 21. Bxc5 Rxc5 1/2-1/2

[Event "Bundesliga 1314"]
[Site "Germany"]
[Date "2014.03.15"]
[Round "11.7"]
[White "Schaefer, Markus"]
[Black "Ris, Robert"]
[Result "0-1"]
[WhiteElo "2404"]
[BlackElo "2416"]
[PlyCount "126"]
[EventDate "2013.10.12"]
[EventType "team-tourn"]
[EventRounds "15"]
[EventCountry "GER"]
[SourceTitle "CBM 160"]
[Source "ChessBase"]
[SourceDate "2014.05.15"]
[SourceVersion "1"]
[SourceVersionDate "2014.05.15"]
[SourceQuality "1"]
[WhiteTeam "Solingen"]
[BlackTeam "Katernberg"]
[WhiteTeamCountry "GER"]
[BlackTeamCountry "GER"]

1. e4 e5 2. Nf3 Nc6 3. c3 d5 4. Qa4 Nf6 5. d3 Bd6 6. Be2 0-0 7. 0-0 h6 8. Nbd2 Qe7 9. Re1 a5 10. Bf1 dxe4 11. dxe4 Bd7 12. Qc2 Bc5 13. Nc4 Bg4 14. Be2 Rfd8 15. Be3 Rd7 16. Bxc5 Qxc5 17. Ne3 Rad8 18. Rad1 Be6 19. Rxd7 Rxd7 20. Qa4 Ng4 21. Nxg4 Bxg4 22. Rd1 b5 23. Qc2 b4 24. Rxd7 Bxd7 25. Ne1 bxc3 26. Qxc3 Qxc3 27. bxc3 Be6 28. a3 Kf8 29. f3 Ke7 30. Kf2 Kd6 31. Ke3 Nb8 32. Kd3 Nd7 33. c4 Nc5+ 34. Kc3 Na4+ 35. Kb3 Nb6 36. Kc3 g6 37. g3 f5 38. exf5 gxf5 39. f4 Na4+ 40. Kb3 Nc5+ 41. Kc2 exf4 42. gxf4 Ne4 43. Bd3 Nf2 44. Kc3 Nd1+ 45. Kd2 Nb2 46. Kc3 Na4+ 47. Kb3 Nc5+ 48. Kc3 Na4+ 49. Kb3 Nb6 50. Nf3 Kc5 51. Ne5 Kd4 52. Bf1 Ke3 53. Ng6 c5 54. Kc3 Nd7 55. Kb3 Nb6 56. Kc3 Bd7 57. Bh3 Kf3 58. Bf1 Be8 59. Ne5+ Kxf4 60. Nd3+ Ke3 61. Nxc5 Na4+ 62. Nxa4 Bxa4 63. c5 f4 0-1